Perspective / (Record no. 20431)

MARC details
000 -LEADER
fixed length control field 00853nam a2200229 a 4500
005 - DATE AND TIME OF LATEST TRANSACTION
control field 19820422000000.0
008 - FIXED-LENGTH DATA ELEMENTS--GENERAL INFORMATION
fixed length control field 820422s1980 ii bcfj 000 0 eng
010 ## - LCCN (DPL NO)
LC control number ENG-92330
020 ## - INTERNATIONAL STANDARD BOOK NUMBER
Terms of availability 160.00
International Standard Book Number 8179251349
035 ## - SYSTEM CONTROL NUMBER
System control number EN-75863
037 ## - SOURCE OF ACQUISITION
Source of stock number/acquisition DBAD / PUB
040 ## - CATALOGING SOURCE
Original cataloging agency dpl
Language of cataloging English
082 ## - DEWEY DECIMAL CLASSIFICATION NUMBER
Classification number 701.82
100 ## - MAIN ENTRY--PERSONAL NAME
Personal name Mulick, Milind
245 ## - TITLE STATEMENT
Title Perspective /
Statement of responsibility, etc by Milind Mulick; English translated by Dr. Ajey Hardeekar
260 ## - PUBLICATION, DISTRIBUTION, ETC. (IMPRINT)
Name of publisher, distributor, etc Jyotsna Prakashan
Date of publication, distribution, etc 2006
Place of publication, distribution, etc Pune
270 ## - ADDRESS
Address Dhavalgiri, 430-31, Shaniwar Peth,
City Pune
Postal code 411030
300 ## - PHYSICAL DESCRIPTION
Extent 80p.:
Dimensions 27cm (pbk)
Other physical details col. ill.
700 ## - ADDED ENTRY--PERSONAL NAME
Personal name Hardeekar, Ajey
942 ## - ADDED ENTRY ELEMENTS (KOHA)
Source of classification or shelving scheme Dewey Decimal Classification
Item type English Books
Call number suffix MUL
Classification part 701.82
Holdings
Withdrawn status Lost status Source of classification or shelving scheme Damaged status Not for loan Collection code Home library Current library Date acquired Source of acquisition Cost, normal purchase price Total Checkouts Full call number Barcode Date last seen Copy number Cost, replacement price Koha item type
    Dewey Decimal Classification   Not For Loan Non-fiction D.B.Act.Division D.B.Act.Division 01/01/2009 DBAD / PUB 160.00   701.82 MUL EN-75863 31/12/2008 1 160.00 English Books

© Delhi Public Library
Hit Counter
free hit counter